| 000 | 00655nam a2200229Ia 4500 | ||
|---|---|---|---|
| 001 | 18224 | ||
| 003 | GE_BSU | ||
| 008 | 181216s||||||||xx |||||||||||||| ||und|| | ||
| 020 | _a978-0194384339 | ||
| 040 | _cGE_BSU | ||
| 080 | _a811.111 | ||
| 100 | _aOxenden Clive, Christina Latham-Koenig, Paul Seligson | ||
| 245 | _aNew English File - New Edition / Student's Book: Pre-Intermediate | ||
| 260 | _aOXFORD | ||
| 260 | _bOxford University Press | ||
| 260 | _c2005 | ||
| 300 | _a159p,ill,col,28cm. | ||
| 541 | _h63gel. | ||
| 653 | _aNew English File - New Edition | ||
| 653 | _aინგლისური გრამატიკა | ||
| 942 | _cBK | ||
| 999 |
_c51262 _d51262 |
||